Normal view
MARC view
- Supervisor : Dr. Fahad Iqbal
Entry Personal Name
001 - CONTROL NUMBER
- control field: 130707
003 - CONTROL NUMBER IDENTIFIER
- control field: NUST
005 - DATE AND TIME OF LATEST TRANSACTION
- control field: 20250925121020.0
008 - FIXED-LENGTH DATA ELEMENTS
- fixed length control field: 250925|| aca||aabn | a|a d
040 ## - CATALOGING SOURCE
- Original cataloging agency: NUST
- Transcribing agency: NUST
100 ## - HEADING--PERSONAL NAME
- Personal name: Supervisor : Dr. Fahad Iqbal
670 ## - SOURCE DATA FOUND
- Source citation: Work cat.: (NUST): Khan, Zahra 34408, Robot Motion planning using Deep Reinforcement Learning /
